| 000 | 00566 a2200193 4500 | ||
|---|---|---|---|
| 999 |
_c717 _d717 |
||
| 020 | _a9241560428 : | ||
| 050 | 0 | 0 | _aRA771 HEA 1975 |
| 100 | _aKenneth, W editor | ||
| 245 | 0 | 0 |
_aHealth by the people / _cedited by Kenneth W. Newell. |
| 264 |
_aGeneva _bWorld Health Organisation _c1975 |
||
| 300 |
_axii, 206 p., [5] leaves of plates : _bill. ; |
||
| 500 | _aHealth | ||
| 504 | _aIncludes bibliographies. | ||
| 650 | 0 | _aRural health. | |
| 650 | 0 | _aRural health services. | |
| 650 | 0 | _aPublic health | |
| 700 | 1 | _aNewell, Kenneth W. | |
| 942 |
_2lcc _cBK _h771 _iHEA _kRA |
||